Countries of North and South America by Flag and First Letter - Statistics

General Stats
  • This quiz has been taken 26 times
  • The average score is 20 of 35
Answer Stats
Picture Answer % Correct
Argentina
79%
Brazil
79%
Jamaica
79%
Canada
71%
United States
71%
Barbados
64%
Mexico
64%
Uruguay
64%
Bahamas
57%
Chile
57%
Cuba
57%
Ecuador
57%
Guatemala
57%
Haiti
57%
Paraguay
57%
St. Kitts and Nevis
57%
St. Vincent and the Grenadines
57%
Belize
50%
Bolivia
50%
Colombia
50%
Costa Rica
50%
Dominica
50%
Dominican Republic
50%
Grenada
50%
Guyana
50%
Honduras
50%
Panama
50%
Peru
50%
Suriname
50%
Trinidad & Tobago
50%
Antigua and Barbuda
43%
El Salvador
43%
Nicaragua
43%
St. Lucia
43%
Venezuela
43%
No matching quizzes found
Score Distribution
Percent of People with Each Score
Percentile by Number Answered
Your Score History
You have not taken this quiz